000 00664cam a2200229 i 4500
001 3152325
005 20180306033815.0
008 741230s1975 nyua b 000 0 eng
010 _a 74034146
020 _a0871405597.
_a0871400979
040 _aDLC
_cDLC
_dDLC
041 _aeng
043 _an------
080 _a299.7
082 0 0 _a299.7 TED
100 1 _a24
101 _aFIL
245 1 0 _aTeachings from the American earth :
_cedited by Dennis Tedlock and Barbara Tedlock.
504 _aIncludes bibliographical references and index.
906 _a7
_bcbc
_corignew
_d1
_eocip
_f19
_gy-gencatlg
942 _2ddc
_cBK
999 _c44130
_d44130